Statistics for Guess random numbers from 0 to 100

Click here to take the quiz!

General Stats

  • This quiz has been taken 7 times
  • The average score is 4 of 15

Answer Stats

HintAnswer% Correct
2
100%
First1
86%
12
29%
82
29%
99
29%
Title100
14%
13
14%
14
14%
19
14%
27
14%
39
14%
42
14%
56
14%
58
14%
Title0
0%

Score Distribution

Percentile by Number Answered

Percent of People with Each Score

Your Score History

You have not taken this quiz